Selected critical writings of George Santayana

Saved in:
Bibliografiske detaljer
Hovedforfatter: Henfrey, Norman (Author)
Format: Bog
Sprog:engelsk
Udgivet: Londres Cambridge University 1968
Fag:
Tags: Tilføj Tag
Ingen Tags, Vær først til at tagge denne postø!

MARC

LEADER 00000nam a2200000 a 4500
001 UCZ3861
003 CL-VaPUC
008 951027e19680000UK |||||||||||||||||eng|d
082 0 4 |a 146  |b HEN  |2 21 
100 0 |a Henfrey, Norman  |e author  |9 347709 
245 1 0 |a Selected critical writings of George Santayana 
300 |a v 
942 |c BK 
945 |d 19951027 00:00:00  |a cmena 
260 |a Londres  |b Cambridge University  |c 1968 
600 0 7 |a SANTAYANA, GEORGE  |2 CL-VaPUC  |9 347710 
650 0 |a Naturalismo  |9 346334 
650 0 |a Escepticismo  |9 258591 
650 0 |a Pesimismo  |9 322258 
650 7 |a FILOSOFIA ESTADOUNIDENSE  |2 CL-VaPUC  |9 269420 
650 0 |a Escuelas filosóficas   |9 266232 
583 |a last modification  |c 19951027 00:00:00  |k Rodrigo Vera 
999 |c 240307  |d 240305 
952 |0 0  |1 0  |4 0  |6 146_000000000000000_HEN_1968  |7 0  |8 P  |9 252134  |a BIBEDU  |b BIBEDU  |c BIBEDU_PB  |d 2019-11-18  |h v.1  |i 1591150  |o 146 HEN 1968  |p 1591150  |r 2024-01-25  |w 2019-11-18  |y BK  |k FIL 
952 |0 0  |1 0  |4 0  |6 146_000000000000000_HEN_1968  |7 0  |8 P  |9 252135  |a BIBEDU  |b BIBEDU  |c BIBEDU_PB  |d 2019-11-18  |h v.2  |i 1591169  |o 146 HEN 1968  |p 1591169  |r 2024-01-25  |w 2019-11-18  |y BK  |k FIL